<?xml version="1.0" encoding="UTF-8"?><?xml-stylesheet type="text/xsl" href="static/style.xsl"?><OAI-PMH xmlns="http://www.openarchives.org/OAI/2.0/" xmlns:xsi="http://www.w3.org/2001/XMLSchema-instance" xsi:schemaLocation="http://www.openarchives.org/OAI/2.0/ http://www.openarchives.org/OAI/2.0/OAI-PMH.xsd"><responseDate>2026-04-17T18:34:55Z</responseDate><request verb="GetRecord" identifier="oai:www.recercat.cat:2117/103008" metadataPrefix="marc">https://recercat.cat/oai/request</request><GetRecord><record><header><identifier>oai:recercat.cat:2117/103008</identifier><datestamp>2025-07-22T23:06:23Z</datestamp><setSpec>com_2072_1033</setSpec><setSpec>col_2072_452951</setSpec></header><metadata><record xmlns="http://www.loc.gov/MARC21/slim" xmlns:dcterms="http://purl.org/dc/terms/" xmlns:xsi="http://www.w3.org/2001/XMLSchema-instance" xmlns:doc="http://www.lyncode.com/xoai" xsi:schemaLocation="http://www.loc.gov/MARC21/slim http://www.loc.gov/standards/marcxml/schema/MARC21slim.xsd">
   <leader>00925njm 22002777a 4500</leader>
   <datafield ind2=" " ind1=" " tag="042">
      <subfield code="a">dc</subfield>
   </datafield>
   <datafield ind2=" " ind1=" " tag="720">
      <subfield code="a">Sempere Llagostera, Alexandre</subfield>
      <subfield code="e">author</subfield>
   </datafield>
   <datafield ind2=" " ind1=" " tag="260">
      <subfield code="c">2016-09</subfield>
   </datafield>
   <datafield ind2=" " ind1=" " tag="520">
      <subfield code="a">Aquest projecte neix de la gran demanda actual (Any 2016) d’aquest tipus d’estudis per&#xd;
part de les administracions públiques. Aquesta demanda es duu a terme per dues&#xd;
causes:&#xd;
Per una part, la innovació en el sector lumínic amb la introducció d’una nova tecnologia, el LED.  &#xd;
Aquesta nova tecnologia permet  reduir  el consum d’electricitat de manera considerable. Aquest fet &#xd;
provoca un retorn de la inversió inicial,  gracies a l’estalvi generat per aquesta renovació, d’un &#xd;
ordre de magnitud de 6-8 anys o menors. Aquest tipus de retorns es consideren prou bons si és te en &#xd;
compte la segona causa.&#xd;
&#xd;
L’altre son els nous finançaments que donen certes entitats, com el IDAE, a les administracions &#xd;
públiques. Aquests finançaments tenen un tipus d’interès nul, cosa que els fan molt suculents. Si &#xd;
ajuntem les dues causes es pot veure la raó d’aquesta alta&#xd;
demanda.&#xd;
El projecte es troba estructurat de la següent manera:&#xd;
&#xd;
- Introducció i dades generals del projecte: Ens permeten obtenir una idea inicial del municipi i &#xd;
es compara amb altres municipis de Catalunya per saber l’estat previ a la millora de l’enllumenat.&#xd;
- Inventariat de dades i classificació dels carrers: Es realitza un inventari de tots els punts de &#xd;
llum del municipi i es realitza la classificació lumínica dels carrers per poder realitzar els &#xd;
posteriors càlculs.&#xd;
- Càlcul de la qualitat energètica: Ens permet obtenir una orientació de la eficiència energètica &#xd;
del municipi i les zones a realitzar millores.&#xd;
-  Càlcul de la viabilitat del projecte: S’estableixen els diferents costos i estalvis que es &#xd;
produiran al realitzar la millora proposada en l’enllumenat. També es faran dos breus projectes &#xd;
sobre els estudis de viabilitat a dos carrers del municipi i a continuació un estudi de viabilitat &#xd;
global del municipi.&#xd;
-  Anàlisi de les variables i conclusions: S’exposen els resultats i s’aporta un ventall de &#xd;
possibles solucions s’analitzen les variables i com aquestes afecten al pay- back i per últim, &#xd;
s’aporten les conclusions extretes del projecte i els resultats&#xd;
obtinguts.&#xd;
El propòsit del projecte és obtenir un aprenentatge de la metodologia necessària per realitzar &#xd;
aquest tipus de projectes, servir de pauta per futur projectes de caràcter similar i confirmar les &#xd;
premisses exposades com a causes d’aquesta gran demanda&#xd;
al principi del document.</subfield>
   </datafield>
   <datafield tag="653" ind2=" " ind1=" ">
      <subfield code="a">Àrees temàtiques de la UPC::Energies::Energia elèctrica</subfield>
   </datafield>
   <datafield tag="653" ind2=" " ind1=" ">
      <subfield code="a">Street lighting -- Energy consumption</subfield>
   </datafield>
   <datafield tag="653" ind2=" " ind1=" ">
      <subfield code="a">Street lighting -- Catalonia -- Molins de Rei</subfield>
   </datafield>
   <datafield tag="653" ind2=" " ind1=" ">
      <subfield code="a">Light emitting diodes</subfield>
   </datafield>
   <datafield tag="653" ind2=" " ind1=" ">
      <subfield code="a">Enllumenat públic -- Consum d'energia</subfield>
   </datafield>
   <datafield tag="653" ind2=" " ind1=" ">
      <subfield code="a">Enllumenat públic -- Catalunya -- Molins de Rei</subfield>
   </datafield>
   <datafield tag="653" ind2=" " ind1=" ">
      <subfield code="a">Diodes emissors de llum</subfield>
   </datafield>
   <datafield ind2="0" ind1="0" tag="245">
      <subfield code="a">Estudi de viabilitat d’un pla de negoci basat en la millora energètica del municipi de Molins de Rei</subfield>
   </datafield>
</record></metadata></record></GetRecord></OAI-PMH>